000 00573cam a2200145 4500500
005 20260111090504.0
041 _afre
042 _adc
100 1 0 _aVallin, Pierre
_eauthor
245 0 0 _aHenri Denis, L’Avenir en face, Réflexions sur la crédibilité de la foi chrétienne et sur le ministère de l’Eglise. Desclée de Brouwer, 2002, 242 pages, 20 €
260 _c2003.
500 _a21
786 0 _nÉtudes | 398 | 3 | 2003-03-01 | p. 422p-431p | 0014-1941
856 4 1 _uhttps://shs.cairn.info/revue-etudes-2003-3-page-422p?lang=fr&redirect-ssocas=7080
999 _c1619003
_d1619003